| Tag |
First Indicator |
Second Indicator |
Subfields |
| LEADER |
00000cam a2200000 4500 |
| 001 |
in00000042460 |
| 005 |
20151007072729.0 |
| 008 |
751211r19551928mnua 00000 eng |
| 010 |
|
|
|a 55008489
|
| 035 |
|
|
|a (OCoLC)01891242
|
| 035 |
|
|
|9 AAE8449AM
|
| 040 |
|
|
|a DLC
|c UPC
|d TXA
|d UtOrBLW
|
| 049 |
|
|
|a TXAM
|c [257627]
|
| 050 |
|
0 |
|a QK481
|b .R67
|
| 092 |
|
|
|a 582.16
|b R813t, 1955
|
| 100 |
1 |
|
|a Rosendahl, Carl Otto,
|d 1875-1956.
|
| 245 |
1 |
0 |
|a Trees and shrubs of the upper Midwest.
|
| 264 |
|
1 |
|a Minneapolis :
|b University of Minnesota Press,
|c [1955]
|
| 300 |
|
|
|a 411 pages :
|b illustrations ;
|c 27 cm.
|
| 336 |
|
|
|a text
|b txt
|2 rdacontent
|
| 337 |
|
|
|a unmediated
|b n
|2 rdamedia
|
| 338 |
|
|
|a volume
|b nc
|2 rdacarrier
|
| 500 |
|
|
|a Revised and enl. edition of the author's Trees and shrubs of Minnesota, published in 1928.
|
| 650 |
|
0 |
|a Trees
|z Middle West.
|
| 650 |
|
0 |
|a Shrubs
|z Middle West.
|
| 999 |
|
|
|a MARS
|
| 999 |
f |
f |
|s 3a0e3aca-91fa-3fad-9ec1-b4759a8f7c0b
|i 41aa87f4-b60a-3ee0-b77e-b8bdf4e7eb4e
|t 0
|
| 952 |
f |
f |
|p ric
|a Texas A&M University
|b Rellis Campus
|c Joint Library Facility
|d Remote Storage
|t 0
|e QK481 .R67
|h Library of Congress classification
|i unmediated -- volume
|m A14800995618
|
| 998 |
f |
f |
|a QK481 .R67
|t 0
|l Remote Storage
|